Statistics for Milwaukee Airport (MKE) Destinations

Click here to take the quiz!

General Stats

  • This quiz has been taken 45 times
  • The average score is 32 of 35

Answer Stats

Country/State Airlines Destinations % Correct
GeorgiaDelta, SouthwestAtlanta
100%
IllinoisAmerican, UnitedChicago O'Hare
100%
FloridaAllegiant AirOrlando Sanford
100%
FloridaFrontier, SouthwestOrlando
100%
MichiganDelta, Swift AirDetroit
100%
TexasUnitedHouston Bush
97%
UtahDeltaSalt Lake City
97%
MissouriSouthwestSaint-Louis
97%
CaliforniaSouthwestLos Angeles
97%
TexasSouthwestHouston Hobby
97%
MinnesotaDeltaMinneapolis
97%
D.CSouthwestWashington Reagan
97%
ColoradoFrontier, Southwest, UnitedDenver
97%
TexasSouthwestDallas Love
97%
MassachusettsDelta, SouthwestBoston
97%
TexasAmericanDallas Fort-Worth
97%
ArizonaAmerican, Southwest, UnitedPhoenix
95%
CanadaAir CanadaToronto
95%
CaliforniaSouthwestSan Francisco
95%
New YorkDelta, SouthwestNew York LaGuardia
95%
FloridaFrontier, SouthwestTampa
92%
WashingtonAlaska, DeltaSeattle
92%
North CarolinaAmericanCharlotte
92%
PennsylvaniaAmerican, FrontierPhiladelphia
92%
NevadaFrontier, SouthwestLas Vegas
92%
MarylandSouthwestBaltimore
92%
OhioSouthwestCleveland
89%
New JerseyUnitedNewark
89%
CaliforniaSouthwestSan Diego
89%
TennesseeSouthwestNashville
89%
MissouriSouthwestKansas City
86%
North CarolinaFrontierRaleigh
84%
MexicoVolarisGuadalajara
59%
FloridaAllegiant AirSaint Petersburg
54%
FloridaFrontier, SouthwestFort Myers
49%

Score Distribution

Percentile by Number Answered

Percent of People with Each Score

Your Score History

You have not taken this quiz